[Event "World Chess Olympiad 2018"]
[Site "Batumi"]
[Date "2018.09.25"]
[Round "2"]
[Board "3"]
[WhiteFideId "6700640"]
[White "Arias Daniel"]
[BlackFideId "15702391"]
[Black "Tilahun Abel Mathewos"]
[Result "1-0"]
[LiveChessVersion "1.4.8"]
[BlackElo "2015"]
[WhiteElo "2274"]

1. e4 {[%clk 1:28:59]} e6 {[%clk 1:30:52]} 2. d4 {[%clk 1:29:22]} d5
{[%clk 1:31:17]} 3. Nd2 {[%clk 1:29:48]} Nc6 {[%clk 1:31:31]} 4. Ngf3
{[%clk 1:30:05]} Nf6 {[%clk 1:31:42]} 5. e5 {[%clk 1:28:27]} Nd7 {[%clk 1:31:58]}
6. Bb5 {[%clk 1:28:04]} a5 {[%clk 1:29:39]} 7. O-O {[%clk 1:25:03]} Na7
{[%clk 1:29:50]} 8. Bd3 {[%clk 1:25:12]} b6 {[%clk 1:28:08]} 9. Re1
{[%clk 1:24:53]} Be7 {[%clk 1:28:20]} 10. Nf1 {[%clk 1:24:30]} c5
{[%clk 1:27:16]} 11. c3 {[%clk 1:24:23]} Nc6 {[%clk 1:25:32]} 12. Ng3
{[%clk 1:23:58]} Ba6 {[%clk 1:22:42]} 13. Bb1 {[%clk 1:23:00]} h5
{[%clk 1:17:35]} 14. dxc5 {[%clk 1:16:07]} bxc5 {[%clk 1:15:46]} 15. Qa4
{[%clk 1:13:03]} Rc8 {[%clk 1:12:31]} 16. h4 {[%clk 1:00:36]} g6 {[%clk 0:59:30]}
17. Bg5 {[%clk 0:57:05]} Qb6 {[%clk 0:58:18]} 18. Bc1 {[%clk 0:48:21]} Qb5
{[%clk 0:55:47]} 19. Qd1 {[%clk 0:43:30]} Qc4 {[%clk 0:48:19]} 20. Ne2
{[%clk 0:33:53]} Ncxe5 {[%clk 0:40:47]} 21. Nxe5 {[%clk 0:33:58]} Nxe5
{[%clk 0:40:16]} 22. Nf4 {[%clk 0:33:43]} g5 {[%clk 0:17:27]} 23. Nxe6
{[%clk 0:30:24]} fxe6 {[%clk 0:13:49]} 24. Rxe5 {[%clk 0:30:43]} Rf8
{[%clk 0:09:06]} 25. Rxe6 {[%clk 0:27:22]} Kd7 {[%clk 0:05:36]} 26. Rxa6
{[%clk 0:24:57]} Qxa6 {[%clk 0:05:00]} 27. Qxd5+ {[%clk 0:25:22]} Kc7
{[%clk 0:02:36]} 28. Bxg5 {[%clk 0:18:05]} Qe2 {[%clk 0:02:04]} 29. Be4
{[%clk 0:16:50]} Bxg5 {[%clk 0:00:47]} 30. Qxc5+ {[%clk 0:16:10]} Kd7
{[%clk 0:01:06]} 31. Qd5+ {[%clk 0:15:44]} Kc7 {[%clk 0:01:15]} 32. Qxa5+
{[%clk 0:15:52]} Kd7 {[%clk 0:01:11]} 33. Qd5+ {[%clk 0:15:54]} Kc7
{[%clk 0:01:19]} 34. Qc5+ {[%clk 0:16:11]} Kd7 {[%clk 0:01:31]} 35. Qd4+
{[%clk 0:16:40]} Kc7 {[%clk 0:01:12]} 36. hxg5 {[%clk 0:16:55]} Rcd8
{[%clk 0:01:04]} 37. Qe5+ {[%clk 0:14:07]} Kb6 {[%clk 0:00:48]} 38. Qe6+
{[%clk 0:14:12]} Ka7 {[%clk 0:00:40]} 39. Qe7+ {[%clk 0:14:37]} Kb6
{[%clk 0:00:50]} 40. Qb7+ {[%clk 0:43:28]} Ka5 {[%clk 0:30:36]} 41. b4+
{[%clk 0:43:23]} Ka4 {[%clk 0:30:53]} 42. Qa7+ {[%clk 0:43:47]} Kb5
{[%clk 0:31:10]} 43. Qa5+ {[%clk 0:44:01]} 1-0

[Event "World Chess Olympiad 2018"]
[Site "Batumi"]
[Date "2018.09.25"]
[Round "2"]
[Board "4"]
[WhiteFideId "10801839"]
[White "Abera Aydagnuhem Gezachew"]
[BlackFideId "6700187"]
[Black "Burgos Figueroa Carlos E."]
[Result "0-1"]
[LiveChessVersion "1.4.8"]
[BlackElo "2222"]
[WhiteElo "2116"]

1. d4 {[%clk 1:30:51]} c5 {[%clk 1:27:05]} 2. d5 {[%clk 1:30:42]} e5
{[%clk 1:27:27]} 3. dxe6 {[%clk 1:29:36]} fxe6 {[%clk 1:27:43]} 4. e4
{[%clk 1:29:20]} d5 {[%clk 1:28:08]} 5. exd5 {[%clk 1:27:38]} exd5
{[%clk 1:28:35]} 6. Qh5+ {[%clk 1:25:21]} g6 {[%clk 1:28:59]} 7. Qe5+
{[%clk 1:25:20]} Qe7 {[%clk 1:29:25]} 8. Nf3 {[%clk 1:24:46]} Nc6
{[%clk 1:29:27]} 9. Bb5 {[%clk 1:22:55]} Bg7 {[%clk 1:29:51]} 10. Qxe7+
{[%clk 1:20:09]} Ngxe7 {[%clk 1:27:10]} 11. O-O {[%clk 1:18:58]} O-O
{[%clk 1:27:33]} 12. c3 {[%clk 1:18:46]} Bg4 {[%clk 1:27:52]} 13. Be2
{[%clk 1:15:36]} Rae8 {[%clk 1:27:53]} 14. Na3 {[%clk 1:14:40]} Nf5
{[%clk 1:27:02]} 15. Bd1 {[%clk 1:12:57]} Nd6 {[%clk 1:24:14]} 16. Nc2
{[%clk 1:09:18]} h6 {[%clk 1:22:20]} 17. Ne3 {[%clk 1:06:51]} Be6
{[%clk 1:22:16]} 18. Bb3 {[%clk 1:00:25]} d4 {[%clk 1:12:30]} 19. cxd4
{[%clk 0:55:12]} cxd4 {[%clk 1:12:26]} 20. Nd5 {[%clk 0:54:34]} Na5
{[%clk 1:12:33]} 21. Nc7 {[%clk 0:53:05]} Nxb3 {[%clk 1:00:23]} 22. axb3
{[%clk 0:52:31]} Re7 {[%clk 1:00:48]} 23. Nxe6 {[%clk 0:50:52]} Rxe6
{[%clk 1:01:17]} 24. Rxa7 {[%clk 0:50:40]} g5 {[%clk 0:59:38]} 25. h3
{[%clk 0:45:57]} Re2 {[%clk 0:58:44]} 26. Ne1 {[%clk 0:41:05]} Ne4
{[%clk 0:53:21]} 27. Nd3 {[%clk 0:34:28]} Nd2 {[%clk 0:51:57]} 28. Bxd2
{[%clk 0:33:11]} Rxd2 {[%clk 0:52:25]} 29. Nc5 {[%clk 0:32:35]} Rf7
{[%clk 0:51:23]} 30. Rxb7 {[%clk 0:27:51]} Rxb7 {[%clk 0:50:45]} 31. Nxb7
{[%clk 0:28:13]} d3 {[%clk 0:50:59]} 32. Nc5 {[%clk 0:22:54]} Bd4
{[%clk 0:48:08]} 33. b4 {[%clk 0:08:54]} Rxf2 {[%clk 0:46:37]} 34. Nxd3
{[%clk 0:05:28]} Rd2+ {[%clk 0:44:31]} 35. Nf2 {[%clk 0:04:26]} h5
{[%clk 0:44:35]} 36. g4 {[%clk 0:02:45]} h4 {[%clk 0:41:19]} 37. Kg2
{[%clk 0:02:50]} Rxb2 {[%clk 0:41:40]} 38. Kf3 {[%clk 0:02:47]} Kg7
{[%clk 0:41:00]} 39. Nd3 {[%clk 0:02:10]} Rh2 {[%clk 0:40:22]} 40. Ke4
{[%clk 0:32:19]} Bb6 {[%clk 1:10:20]} 41. Rf3 {[%clk 0:32:10]} Bc7
{[%clk 1:07:51]} 42. Kf5 {[%clk 0:26:24]} Bg3 {[%clk 1:08:15]} 43. Kxg5
{[%clk 0:22:26]} Rxh3 {[%clk 1:07:30]} 44. Nf4 {[%clk 0:18:15]} Bxf4+
{[%clk 1:03:36]} 45. Rxf4 {[%clk 0:18:06]} Rh1 {[%clk 1:04:02]} 46. Rc4
{[%clk 0:16:39]} h3 {[%clk 1:04:25]} 47. Rc7+ {[%clk 0:14:47]} Kf8
{[%clk 1:04:50]} 48. Rc8+ {[%clk 0:12:35]} Kg7 {[%clk 1:05:15]} 49. Rc7+
{[%clk 0:12:21]} Kf8 {[%clk 1:05:44]} 50. Rc2 {[%clk 0:04:48]} Rb1
{[%clk 1:04:57]} 51. Kf6 {[%clk 0:04:34]} Rf1+ {[%clk 1:05:19]} 52. Kg6
{[%clk 0:03:32]} Rf4 {[%clk 1:05:25]} 53. g5 {[%clk 0:03:03]} Rxb4
{[%clk 1:05:54]} 54. Rc8+ {[%clk 0:03:01]} Ke7 {[%clk 1:06:17]} 55. Rh8
{[%clk 0:02:55]} Rb3 {[%clk 1:04:43]} 56. Kg7 {[%clk 0:02:49]} Ke6
{[%clk 1:04:27]} 57. Rh4 {[%clk 0:00:35]} Kf5 {[%clk 1:04:33]} 58. g6
{[%clk 0:00:41]} Kg5 {[%clk 1:04:21]} 59. Ra4 {[%clk 0:00:37]} Rb7+
{[%clk 1:04:34]} 60. Kf8 {[%clk 0:00:36]} Kxg6 {[%clk 1:04:50]} 61. Ra3
{[%clk 0:00:34]} Rb8+ {[%clk 1:04:31]} 62. Ke7 {[%clk 0:01:00]} Rh8
{[%clk 1:04:56]} 63. Rg3+ {[%clk 0:00:50]} Kf5 {[%clk 1:05:20]} 64. Rg1
{[%clk 0:00:44]} h2 {[%clk 1:05:48]} 0-1

[Event "World Chess Olympiad 2018"]
[Site "Batumi"]
[Date "2018.09.25"]
[Round "2"]
[Board "4"]
[WhiteFideId "8701776"]
[White "Mulenga Prince Daniel"]
[BlackFideId "10802185"]
[Black "Sang Ricky"]
[Result "1-0"]
[LiveChessVersion "1.4.8"]
[BlackElo "1959"]
[WhiteElo "2237"]

1. d4 {[%clk 1:30:31]} d5 {[%clk 1:30:40]} 2. c4 {[%clk 1:30:37]} e6
{[%clk 1:31:05]} 3. Nc3 {[%clk 1:30:42]} Nf6 {[%clk 1:31:24]} 4. cxd5
{[%clk 1:29:36]} exd5 {[%clk 1:31:16]} 5. Bg5 {[%clk 1:30:03]} Be7
{[%clk 1:31:16]} 6. e3 {[%clk 1:30:30]} O-O {[%clk 1:30:57]} 7. Bd3
{[%clk 1:30:45]} c6 {[%clk 1:29:42]} 8. Qc2 {[%clk 1:30:40]} Nbd7
{[%clk 1:28:57]} 9. Nge2 {[%clk 1:31:04]} Re8 {[%clk 1:29:06]} 10. O-O
{[%clk 1:31:11]} Nf8 {[%clk 1:29:28]} 11. f3 {[%clk 1:28:31]} Nh5
{[%clk 1:24:18]} 12. Bxe7 {[%clk 1:25:12]} Qxe7 {[%clk 1:23:37]} 13. e4
{[%clk 1:25:38]} dxe4 {[%clk 1:17:47]} 14. fxe4 {[%clk 1:25:03]} Be6
{[%clk 1:15:03]} 15. Rf2 {[%clk 1:18:38]} Rad8 {[%clk 1:14:00]} 16. Raf1
{[%clk 1:16:06]} Qg5 {[%clk 1:09:46]} 17. e5 {[%clk 1:09:33]} Qe3
{[%clk 0:57:51]} 18. Ne4 {[%clk 1:02:03]} Re7 {[%clk 0:51:25]} 19. Nd6
{[%clk 1:00:00]} g6 {[%clk 0:39:33]} 20. Kh1 {[%clk 0:53:53]} Red7
{[%clk 0:28:03]} 21. Bc4 {[%clk 0:49:58]} f5 {[%clk 0:23:22]} 22. g4
{[%clk 0:43:41]} Ng7 {[%clk 0:19:02]} 23. gxf5 {[%clk 0:42:51]} gxf5
{[%clk 0:17:24]} 24. Rf3 {[%clk 0:31:46]} Qh6 {[%clk 0:16:29]} 25. Nf4
{[%clk 0:31:10]} Rxd6 {[%clk 0:09:36]} 26. exd6 {[%clk 0:25:40]} Rxd6
{[%clk 0:09:08]} 27. Nxe6 {[%clk 0:14:55]} Nfxe6 {[%clk 0:09:08]} 28. Rxf5
{[%clk 0:12:24]} Rd8 {[%clk 0:05:06]} 29. Rf6 {[%clk 0:09:30]} Qe3
{[%clk 0:04:42]} 30. Rxe6 {[%clk 0:07:51]} Nxe6 {[%clk 0:03:34]} 31. Qf5
{[%clk 0:08:18]} Qxd4 {[%clk 0:02:54]} 32. Qxe6+ {[%clk 0:08:22]} Kh8
{[%clk 0:03:07]} 33. Rg1 {[%clk 0:08:41]} 1-0

[Event "World Chess Olympiad 2018"]
[Site "Batumi"]
[Date "2018.09.25"]
[Round "2"]
[Board "2"]
[WhiteFideId "24149942"]
[White "Varezhkin Viktor"]
[BlackFideId "21501564"]
[Black "Masrahi Abdulrahman A"]
[Result "1-0"]
[LiveChessVersion "1.4.8"]
[BlackElo "1879"]
[WhiteElo "2261"]

1. c4 {[%clk 1:30:56]} e5 {[%clk 1:30:40]} 2. Nc3 {[%clk 1:31:20]} Nf6
{[%clk 1:30:48]} 3. g3 {[%clk 1:31:46]} d5 {[%clk 1:30:45]} 4. cxd5
{[%clk 1:32:09]} Nxd5 {[%clk 1:31:07]} 5. Bg2 {[%clk 1:32:28]} Nb6
{[%clk 1:31:28]} 6. Nf3 {[%clk 1:32:04]} Nc6 {[%clk 1:31:49]} 7. O-O
{[%clk 1:32:28]} Be7 {[%clk 1:31:28]} 8. a3 {[%clk 1:32:47]} O-O {[%clk 1:31:13]}
9. b4 {[%clk 1:33:12]} Be6 {[%clk 1:28:18]} 10. d3 {[%clk 1:28:39]} a5
{[%clk 1:18:49]} 11. b5 {[%clk 1:25:17]} Nd4 {[%clk 1:19:01]} 12. Rb1
{[%clk 1:23:08]} f6 {[%clk 1:02:19]} 13. Nxd4 {[%clk 1:08:47]} exd4
{[%clk 1:02:37]} 14. Na4 {[%clk 1:09:03]} Bd5 {[%clk 0:56:19]} 15. Nxb6
{[%clk 1:02:26]} cxb6 {[%clk 0:55:27]} 16. Bh3 {[%clk 1:01:01]} f5
{[%clk 0:46:41]} 17. a4 {[%clk 1:00:10]} Qe8 {[%clk 0:36:05]} 18. Bg2
{[%clk 0:49:19]} Bxg2 {[%clk 0:32:20]} 19. Kxg2 {[%clk 0:49:35]} Rc8
{[%clk 0:30:43]} 20. e3 {[%clk 0:46:38]} Bc5 {[%clk 0:27:57]} 21. Re1
{[%clk 0:45:25]} Qg6 {[%clk 0:25:16]} 22. Qf3 {[%clk 0:40:46]} Kh8
{[%clk 0:20:32]} 23. e4 {[%clk 0:33:18]} fxe4 {[%clk 0:19:41]} 24. Qxe4
{[%clk 0:33:08]} Qf7 {[%clk 0:20:06]} 25. Bf4 {[%clk 0:28:27]} Rce8
{[%clk 0:16:33]} 26. Qf3 {[%clk 0:28:29]} Rxe1 {[%clk 0:16:54]} 27. Rxe1
{[%clk 0:28:45]} Qa2 {[%clk 0:17:21]} 28. Qd1 {[%clk 0:27:54]} Bd6
{[%clk 0:10:09]} 29. Qe2 {[%clk 0:27:34]} Qa3 {[%clk 0:06:52]} 30. Bxd6
{[%clk 0:26:55]} Qxd6 {[%clk 0:07:19]} 31. Qe5 {[%clk 0:26:57]} Qb4
{[%clk 0:06:55]} 32. Qe7 {[%clk 0:26:47]} Kg8 {[%clk 0:05:53]} 33. Qxb4
{[%clk 0:26:19]} axb4 {[%clk 0:06:18]} 34. Rb1 {[%clk 0:26:41]} Kf7
{[%clk 0:04:34]} 35. Rxb4 {[%clk 0:26:37]} Rd8 {[%clk 0:04:33]} 36. Kf3
{[%clk 0:26:53]} Ke6 {[%clk 0:02:57]} 37. Ke4 {[%clk 0:26:31]} Rd5
{[%clk 0:03:04]} 38. f4 {[%clk 0:25:00]} 1-0

[Event "World Chess Olympiad 2018"]
[Site "Batumi"]
[Date "2018.09.25"]
[Round "2"]
[Board "3"]
[WhiteFideId "21500029"]
[White "Al Habeeb Emad"]
[BlackFideId "410551"]
[Black "Martin Lewis"]
[Result "0-1"]
[LiveChessVersion "1.4.8"]
[BlackElo "2128"]
[WhiteElo "1910"]

1. Nf3 {[%clk 1:30:55]} Nf6 {[%clk 1:30:46]} 2. g3 {[%clk 1:31:14]} d5
{[%clk 1:30:37]} 3. Bg2 {[%clk 1:31:25]} Bf5 {[%clk 1:30:33]} 4. O-O
{[%clk 1:31:16]} e6 {[%clk 1:30:38]} 5. d3 {[%clk 1:30:49]} Nbd7 {[%clk 1:30:26]}
6. Nbd2 {[%clk 1:29:33]} Be7 {[%clk 1:29:17]} 7. c4 {[%clk 1:24:36]} c6
{[%clk 1:29:19]} 8. Nh4 {[%clk 1:21:59]} Bg4 {[%clk 1:27:48]} 9. h3
{[%clk 1:19:58]} Bh5 {[%clk 1:28:01]} 10. Nhf3 {[%clk 1:20:14]} O-O
{[%clk 1:26:04]} 11. cxd5 {[%clk 1:14:37]} cxd5 {[%clk 1:26:08]} 12. Nb3
{[%clk 1:13:03]} Rc8 {[%clk 1:23:42]} 13. Bf4 {[%clk 1:11:32]} Ne8
{[%clk 1:12:57]} 14. Qd2 {[%clk 1:06:52]} Bxf3 {[%clk 1:11:22]} 15. Bxf3
{[%clk 0:57:06]} e5 {[%clk 1:11:07]} 16. Be3 {[%clk 0:53:45]} d4 {[%clk 1:11:28]}
17. Bxd4 {[%clk 0:51:25]} exd4 {[%clk 1:11:52]} 18. Bxb7 {[%clk 0:51:00]} Rc7
{[%clk 1:08:38]} 19. Bg2 {[%clk 0:50:13]} Nb6 {[%clk 1:05:13]} 20. Qa5
{[%clk 0:44:37]} Bf6 {[%clk 0:46:01]} 21. Rac1 {[%clk 0:41:13]} Rxc1
{[%clk 0:45:57]} 22. Rxc1 {[%clk 0:41:26]} Qe7 {[%clk 0:46:21]} 23. Bf3
{[%clk 0:37:06]} Nd6 {[%clk 0:44:53]} 24. Bg4 {[%clk 0:29:00]} g6
{[%clk 0:38:22]} 25. Rc2 {[%clk 0:21:10]} h5 {[%clk 0:36:38]} 26. Bf3
{[%clk 0:18:06]} Rc8 {[%clk 0:36:40]} 27. Nc5 {[%clk 0:12:32]} Ndc4
{[%clk 0:23:25]} 28. dxc4 {[%clk 0:08:13]} Qxc5 {[%clk 0:22:40]} 29. Qxa7
{[%clk 0:07:22]} Qf5 {[%clk 0:22:48]} 30. Qxb6 {[%clk 0:06:48]} Qxc2
{[%clk 0:23:01]} 31. Qxf6 {[%clk 0:06:49]} Qxc4 {[%clk 0:21:44]} 32. b3
{[%clk 0:06:05]} Qc5 {[%clk 0:20:03]} 33. Qa6 {[%clk 0:05:28]} Qf5
{[%clk 0:17:58]} 34. Kg2 {[%clk 0:04:56]} Rc1 {[%clk 0:17:56]} 35. Qa8+
{[%clk 0:03:42]} Kg7 {[%clk 0:18:18]} 36. Qe4 {[%clk 0:03:58]} Qc5
{[%clk 0:18:05]} 37. Qe8 {[%clk 0:02:07]} Rc2 {[%clk 0:17:19]} 38. a4
{[%clk 0:02:08]} d3 {[%clk 0:17:33]} 39. e3 {[%clk 0:01:02]} d2 {[%clk 0:17:17]}
40. Qe4 {[%clk 0:30:45]} Rc1 {[%clk 0:47:28]} 41. Qd3 {[%clk 0:22:55]} Qc3
{[%clk 0:38:33]} 42. Qd5 {[%clk 0:19:47]} Rc2 {[%clk 0:31:13]} 43. Be2
{[%clk 0:13:14]} Qc6 {[%clk 0:28:22]} 44. Qxc6 {[%clk 0:12:12]} Rxc6
{[%clk 0:28:49]} 45. a5 {[%clk 0:11:43]} Rc1 {[%clk 0:28:58]} 46. Kf3
{[%clk 0:09:35]} d1=Q {[%clk 0:29:08]} 47. Bxd1 {[%clk 0:09:46]} Rxd1
{[%clk 0:29:35]} 48. Ke4 {[%clk 0:08:19]} Rb1 {[%clk 0:28:11]} 49. Kd5
{[%clk 0:08:08]} Rxb3 {[%clk 0:28:36]} 50. Kc6 {[%clk 0:07:43]} Kf6
{[%clk 0:28:52]} 51. a6 {[%clk 0:07:58]} Ke5 {[%clk 0:29:17]} 52. a7
{[%clk 0:08:04]} Ra3 {[%clk 0:29:42]} 53. Kb7 {[%clk 0:08:10]} Ke4
{[%clk 0:30:08]} 54. a8=Q {[%clk 0:08:28]} Rxa8 {[%clk 0:30:33]} 55. Kxa8
{[%clk 0:08:32]} Kf3 {[%clk 0:31:00]} 56. Kb7 {[%clk 0:08:31]} Kxf2
{[%clk 0:31:04]} 57. e4 {[%clk 0:08:30]} Kxg3 {[%clk 0:31:29]} 58. Kc6
{[%clk 0:08:47]} Kf4 {[%clk 0:31:51]} 59. Kd5 {[%clk 0:09:00]} g5
{[%clk 0:32:11]} 0-1

[Event "World Chess Olympiad 2018"]
[Site "Batumi"]
[Date "2018.09.25"]
[Round "2"]
[Board "4"]
[WhiteFideId "12805165"]
[White "Jankunas Tomas"]
[BlackFideId "21502390"]
[Black "Al Thebaiti Ahmed M"]
[Result "1-0"]
[LiveChessVersion "1.4.8"]
[BlackElo "1988"]
[WhiteElo "2093"]

1. e4 {[%clk 1:30:41]} c6 {[%clk 1:30:47]} 2. d4 {[%clk 1:30:15]} d5
{[%clk 1:30:59]} 3. Nd2 {[%clk 1:30:34]} dxe4 {[%clk 1:31:14]} 4. Nxe4
{[%clk 1:30:59]} Bf5 {[%clk 1:31:31]} 5. Ng3 {[%clk 1:30:26]} Bg6
{[%clk 1:31:49]} 6. h4 {[%clk 1:30:42]} h6 {[%clk 1:31:58]} 7. h5
{[%clk 1:30:14]} Bh7 {[%clk 1:32:20]} 8. Nf3 {[%clk 1:30:36]} e6 {[%clk 1:31:52]}
9. Bd3 {[%clk 1:30:12]} Bxd3 {[%clk 1:32:10]} 10. Qxd3 {[%clk 1:30:30]} Nf6
{[%clk 1:31:21]} 11. Bd2 {[%clk 1:27:39]} Be7 {[%clk 1:30:53]} 12. O-O-O
{[%clk 1:26:31]} O-O {[%clk 1:30:25]} 13. Ne4 {[%clk 1:22:28]} Nxe4
{[%clk 1:30:28]} 14. Qxe4 {[%clk 1:22:47]} Qd5 {[%clk 1:30:47]} 15. Qxd5
{[%clk 1:18:06]} cxd5 {[%clk 1:30:26]} 16. g4 {[%clk 1:13:03]} Nd7
{[%clk 1:23:39]} 17. Rde1 {[%clk 0:56:53]} Nf6 {[%clk 1:06:22]} 18. Ne5
{[%clk 0:50:46]} Ne4 {[%clk 1:03:34]} 19. Be3 {[%clk 0:44:09]} Rac8
{[%clk 0:50:41]} 20. f3 {[%clk 0:41:35]} Nd6 {[%clk 0:46:33]} 21. Nd3
{[%clk 0:30:47]} b6 {[%clk 0:43:09]} 22. Kb1 {[%clk 0:30:46]} Nc4
{[%clk 0:39:06]} 23. Bc1 {[%clk 0:31:08]} a5 {[%clk 0:36:09]} 24. Rhg1
{[%clk 0:29:24]} Bf6 {[%clk 0:33:21]} 25. c3 {[%clk 0:28:34]} Rfe8
{[%clk 0:28:55]} 26. f4 {[%clk 0:23:48]} Nd6 {[%clk 0:04:58]} 27. g5
{[%clk 0:23:42]} hxg5 {[%clk 0:05:10]} 28. fxg5 {[%clk 0:24:04]} Bd8
{[%clk 0:03:22]} 29. Ref1 {[%clk 0:16:03]} Ne4 {[%clk 0:01:27]} 30. Ne5
{[%clk 0:08:14]} Rc7 {[%clk 0:01:25]} 31. Bf4 {[%clk 0:05:47]} Rb7
{[%clk 0:01:35]} 32. Rg2 {[%clk 0:05:48]} a4 {[%clk 0:01:45]} 33. a3
{[%clk 0:04:38]} Bc7 {[%clk 0:02:02]} 34. h6 {[%clk 0:03:33]} g6 {[%clk 0:00:54]}
35. Ng4 {[%clk 0:03:36]} Bxf4 {[%clk 0:01:10]} 36. Rxf4 {[%clk 0:03:59]} Ree7
{[%clk 0:01:06]} 37. Kc2 {[%clk 0:03:38]} Nd6 {[%clk 0:00:50]} 38. Nf6+
{[%clk 0:03:37]} Kh8 {[%clk 0:01:09]} 39. Kd3 {[%clk 0:03:06]} Nf5
{[%clk 0:01:29]} 40. Rf1 {[%clk 0:32:11]} Nd6 {[%clk 0:30:42]} 41. Rb1
{[%clk 0:20:26]} b5 {[%clk 0:30:04]} 42. Re2 {[%clk 0:18:59]} Ra7
{[%clk 0:28:17]} 43. Rbe1 {[%clk 0:18:36]} Rec7 {[%clk 0:27:04]} 44. Rf1
{[%clk 0:17:58]} Rcb7 {[%clk 0:26:11]} 45. Ke3 {[%clk 0:16:57]} Rc7
{[%clk 0:21:11]} 46. Kf4 {[%clk 0:17:06]} Rcb7 {[%clk 0:20:50]} 47. Kg3
{[%clk 0:17:03]} Rc7 {[%clk 0:19:56]} 48. Kh3 {[%clk 0:17:21]} Rcb7
{[%clk 0:19:59]} 49. Ng4 {[%clk 0:17:39]} Ne4 {[%clk 0:18:20]} 50. Kh4
{[%clk 0:17:55]} Nd6 {[%clk 0:18:44]} 51. Rxe6 {[%clk 0:16:48]} Ne4
{[%clk 0:10:17]} 52. Re8+ {[%clk 0:14:14]} Kh7 {[%clk 0:10:37]} 53. Re1
{[%clk 0:14:28]} 1-0

[Event "World Chess Olympiad 2018"]
[Site "Batumi"]
[Date "2018.09.25"]
[Round "2"]
[Board "1"]
[WhiteFideId "5712181"]
[White "Lye Lik Zang"]
[BlackFideId "11700599"]
[Black "Farazi Khaiber"]
[Result "1/2-1/2"]
[LiveChessVersion "1.4.8"]
[BlackElo "2064"]
[WhiteElo "2351"]

1. d4 {[%clk 1:30:54]} Nf6 {[%clk 1:30:52]} 2. c4 {[%clk 1:31:16]} g6
{[%clk 1:31:14]} 3. Nc3 {[%clk 1:31:39]} Bg7 {[%clk 1:31:38]} 4. e4
{[%clk 1:32:01]} d6 {[%clk 1:32:04]} 5. Be2 {[%clk 1:32:19]} O-O {[%clk 1:31:39]}
6. Be3 {[%clk 1:32:29]} e5 {[%clk 1:26:26]} 7. d5 {[%clk 1:32:20]} Nfd7
{[%clk 1:21:18]} 8. g4 {[%clk 1:06:56]} f5 {[%clk 1:16:08]} 9. gxf5
{[%clk 0:55:04]} gxf5 {[%clk 1:16:25]} 10. exf5 {[%clk 0:48:03]} Nc5
{[%clk 1:10:35]} 11. Bg4 {[%clk 0:40:06]} Qh4 {[%clk 1:07:39]} 12. h3
{[%clk 0:29:47]} Bxf5 {[%clk 1:03:11]} 13. Bxf5 {[%clk 0:26:48]} Rxf5
{[%clk 1:03:10]} 14. Qg4 {[%clk 0:26:45]} Qh5 {[%clk 0:42:07]} 15. O-O-O
{[%clk 0:19:30]} Nba6 {[%clk 0:40:07]} 16. Nge2 {[%clk 0:14:46]} Qg6
{[%clk 0:30:04]} 17. Qxg6 {[%clk 0:10:30]} hxg6 {[%clk 0:30:31]} 18. Rhg1
{[%clk 0:10:25]} Kh7 {[%clk 0:30:39]} 19. Ng3 {[%clk 0:10:33]} Rf3
{[%clk 0:28:55]} 20. Nge4 {[%clk 0:03:28]} Bh6 {[%clk 0:25:38]} 1/2-1/2